000 00876nam a2200253Ia 4500
003 OSt
005 20221005113231.0
006 a|||||r|||| 00| 0
007 ta
008 221004b |||||||| |||| 00| 0 pan d
020 _a9789385670916 (pbk)
_cINR 250.00
024 _a35397
037 _b1002, 13/11/2017, H.K. Prakashan
_cTextual
040 _aCRL
_cCRL
_bpan
041 _2pan
_apan
082 _aY73(P153):351, 153Q7
100 _aਜਗਜੀਵਨ ਸਿੰਘ, ਂਚ.
245 0 _aਸਭਿਆਚਾਰ ਦ. ਮੂਲ ਆਧਾਰ
260 _aਪਟਿਆਲਾ
_bਗ੍ਰੇFਿਅਸ ਭਾਰਤ
_c2017
300 _a174ਪੰ
_ccm.
650 _aਸਭਿਆਚਾਰ
942 _hY73(P153):351, 153Q7
_cTEXL
_2cc
999 _c1027488
_d1027488